Sports Quiz

Random Sports or Numbers Quiz
Score 0/30 Timer 05:00
4 Plays Today
% Correct
Dallas Cowboys
90.5%
Seattle Seahawks
90%
Miami Dolphins
90%
New Orleans Saints
89.2%
Houston Texans
89.1%
Minnesota Vikings
88.2%
Tennessee Titans
88%
New York Jets & New York Giants
87.9%
Arizona Cardinals
87.8%
Green Bay Packers
87.7%
New England Patriots
87.7%
San Francisco 49ers
87.6%
Atlanta Falcons
87.2%
Denver Broncos
87%
Carolina Panthers
86.7%
% Correct
Las Vegas Raiders
86.5%
Chicago Bears
86.3%
Pittsburgh Steelers
85.9%
Tampa Bay Buccaneers
85.1%
Detroit Lions
84.7%
Cleveland Browns
84.7%
Buffalo Bills
84.6%
Indianapolis Colts
84.5%
Jacksonville Jaguars
84%
Los Angeles Rams & Los Angeles Chargers
83.8%
Kansas City Chiefs
82.2%
Philadelphia Eagles
81.5%
Cincinnati Bengals
81.3%
Baltimore Ravens
80.6%
Washington Redskins
80.1%

You're not logged in!

Compare scores with friends on all Sporcle quizzes.
OR
Log In

Sporcle TV

Today on Sporcle TV


Watch our educational content, quiz creation guides, and fun videos on Sporcle TV.

Show Comments

Extras

Top Quizzes Today


Score Distribution

Paid Content

Your Account Isn't Verified!

In order to create a playlist on Sporcle, you need to verify the email address you used during registration. Go to your Sporcle Settings to finish the process.

Report this User

Report this user for behavior that violates our Community Guidelines.

Details: